000 00633nam a2200229Ia 4500
005 20260320201931.0
008 008 262003s9999 xx 000 0 eng d
037 _aEBOOK
040 _aCRL
040 _beng
040 _cCRL
041 _2eng
041 _aeng
084 _qCRL
100 _aLisboa
_91136346
245 0 _aPHP Web Development with Laminas: Build a fully secured and functional e-commerce application with PHP using the Laminas framework
260 _bIEEE
856 _uhttps://ieeexplore.ieee.org/servlet/opac?bknumber=10162405
942 _cEBOOK
999 _c1724356
_d1724356